LEADER 01805oam 2200517M 450 001 9910716300803321 005 20200213070948.2 035 $a(CKB)5470000002519112 035 $a(OCoLC)1065623779 035 $a(OCoLC)995470000002519112 035 $a(EXLCZ)995470000002519112 100 $a20071213d1926 ua 0 101 0 $aeng 135 $aurcn||||||||| 181 $ctxt$2rdacontent 182 $cc$2rdamedia 183 $acr$2rdacarrier 200 10$aFranklin Mott Gunther. May 19, 1926. -- Committed to the Committee of the Whole House and ordered to be printed 210 1$a[Washington, D.C.] :$c[U.S. Government Printing Office],$d1926. 215 $a1 online resource (4 pages) 225 1 $aHouse report / 69th Congress, 1st session. House ;$vno. 1261 225 1 $a[United States congressional serial set ] ;$v[serial no. 8537] 300 $aBatch processed record: Metadata reviewed, not verified. Some fields updated by batch processes. 300 $aFDLP item number not assigned. 606 $aAdministrative responsibility 606 $aClaims 606 $aDiplomatic and consular service 606 $aExpense accounts 606 $aTheft 608 $aLegislative materials.$2lcgft 615 0$aAdministrative responsibility. 615 0$aClaims. 615 0$aDiplomatic and consular service. 615 0$aExpense accounts. 615 0$aTheft. 701 $aCeller$b Emanuel$f1888-1981$pDemocrat (NY)$01386176 801 0$bWYU 801 1$bWYU 801 2$bOCLCO 801 2$bOCLCQ 801 2$bOCLCO 801 2$bOCLCQ 906 $aBOOK 912 $a9910716300803321 996 $aFranklin Mott Gunther. May 19, 1926. -- Committed to the Committee of the Whole House and ordered to be printed$93483004 997 $aUNINA